Регионална библиотека "Любен Каравелов" - Русе

Трудно и славно минало (Запис номер 128776)

MARC детайли
000 -Лидер
Контролно поле с фиксирана дължина nam a22 a 4500
003 - Код на организацията, давaща контролен номер
Контролно поле BLK
005 - Дата и час на последна редакция
Контролно поле 20220714132105.0
008 - Елементи от данни с фиксирана дължина
fixed length control field 180409b bul|||||r ||||||| ||bul||
010 ## - Наследен системен номер
LC control number KNG00134507000
040 ## - Източник на каталожния запис
Идентификатор на билиотеката - собственик на записа BLK
041 ## - Код за език
Код за езика на текст/звукозапис или на отделно заглавие Български
Код за езика КДБФ Български
072 #7 - Код за тематичната категория
Код организация bullib
Код за тематична категория К
Текст Краезнание
080 ## - УДК
Текстов определител УДК Комунистически партии. Вж и 327.323
УДК код - определител по УДК 329.15
УДК определител (497.215)БКП(092)(0:82-9)
УДК - код + определител 329.15(497.215)БКП(092)(0:82-9)
080 ## - УДК
Текстов определител УДК Българска литература
УДК код - определител по УДК 821.163.2
УДК определител -94
УДК - код + определител 821.163.2-94
080 ## - УДК
Текстов определител УДК Член на ЦК на РП. Редактор на в. Работничка
УДК код - определител по УДК 929 Богатинова, Дона
УДК - код + определител 929 Богатинова, Дона
100 1# - Редна дума - Автор
Автор Богатинова, Дона
Авторска отговорност първи автор
R(LIN) 39951
139 ## - Редно поле
Редна дума Богатинова, Дона
Авторски знак Бог - Б 54
245 10 - Сведения за заглавието
Заглавие Трудно и славно минало
Подзаглавни данни Автобиогр. спомени : 1910 - 1944
Редно поле (дума) Дона Богатинова.
257 ## - Страна на издаване
Страна на създаване/издаване България
260 ## - Област на издателските данни
Място на издаване, разпространение и проч. София
Име на издателя, разпространителя и проч. Партиздат
Година на издаване 1973
300 ## - Физическа характеристика
Страници 197 с., 4 л.
Илюстрации и др. портр.
Размери/Мащаб 21 см
380 ## - Жанр
Жанр Обществени науки
600 14 - Име на лице, използвано като предмет
За него / За нея Богатинова, Дона
9 (RLIN) 39951
650 #4 - Допълнително описание по предмет – тема
Основно описание – тема или топоним БКП - дейци - спомени
9 (RLIN) 241772
650 #4 - Допълнително описание по предмет – тема
Основно описание – тема или топоним Богатинова, Дона
9 (RLIN) 39951
651 #4 - Допълнително описание по предмет - топоним
Географско понятие България
9 (RLIN) 241624
653 ## - Ключова дума – ненормативна
Ключова дума БКП
653 ## - Ключова дума – ненормативна
Ключова дума дейци
653 ## - Ключова дума – ненормативна
Ключова дума спомени
653 ## - Ключова дума – ненормативна
Ключова дума автобиографии
653 ## - Ключова дума – ненормативна
Ключова дума Дона Богатинова
659 ## - Тематичен бюлетин
Тематичен бюлетин К
852 ## - Местоположение
Форматна сигнатура Цб 67128
Фондова буква Хранилище
852 ## - Местоположение
Форматна сигнатура К 329(092)/Б 54
999 ## - СИСТЕМНИ КОНТРОЛНИ НОМЕРА
Koha biblionumber 128776
Koha biblioitemnumber 128776
942 ## - АРТИКУЛИ
Вид на библиотечния материал Книги
Скрит в OPAC Не
Периодичен библиозапис Да
944 ## - СЪЗДАВАНЕ И РЕДАКЦИЯ на ЗАПИСА
Създаване/Редакция Създаване
Дата на регистрацията/редакция 04.10.2012
Статус, дата на статуса 04.10.2012 - от С1,Р / 04.10.2012
Служител, извършил регистрацията/редакцията Валя_Йорданова
944 ## - СЪЗДАВАНЕ И РЕДАКЦИЯ на ЗАПИСА
Създаване/Редакция Редакция
Дата на регистрацията/редакция 2022-07-14
Служител, извършил регистрацията/редакцията ГГГ
Наличности
Код за отписване Код за изгубен артикул Източник на класификационната схема Код за повреда Коз за рестрикции Код за отдаване Артикулен № Име на библиотеката - собственик Име на библиотеката, в която се намира в момента Статус (Текущо местоположение) Дата на вписване в системата Местоположение - отдел Цена в лева Инвентарен номер Систематично азбучна сигнатура Баркод Номер на екземпляра Цена в евро Служебна бележка Служебен тип на артикула
  Не е изгубен Universal Decimal Classification Не е повреден само за читалня ползва се в читалня 209226 Регионална библиотека "Любен Каравелов" Русе Регионална библиотека "Любен Каравелов" Русе Хранилище 1973-01-01 Хранилище 1.36 136252 Цб 67128 120000136252 1 0.70 Дост: Dp Вид: Д N: стар фонд Дата: 01.01.1973 Книги
  Не е изгубен Universal Decimal Classification Не е повреден без рестрикции ползва се в читалня 209227 Регионална библиотека "Любен Каравелов" Русе Регионална библиотека "Любен Каравелов" Русе Краезнание 1973-01-01 Краезнание 1.36 136993 К 329(092)/Б 54 120000136993 2 0.70 Дост: Pk Вид: Ф N: стар фонд Дата: 01.01.1973 Дата инв: 13.11.2017 Бележки инв: К2017 Книги
Vip Innovations Ltd, Rousse, Bulgaria 2025